MARC details
| 000 -LEADER |
| fixed length control field |
01298nam a22003257a 4500 |
| 001 - CONTROL NUMBER |
| control field |
03593 |
| 003 - CONTROL NUMBER IDENTIFIER |
| control field |
HDC |
| 007 - PHYSICAL DESCRIPTION FIXED FIELD--GENERAL INFORMATION |
| fixed length control field |
cr bn ---aaaaa |
| 008 - FIXED-LENGTH DATA ELEMENTS--GENERAL INFORMATION |
| fixed length control field |
210111t2016 flu||||| |||| 00| 0 eng |
| 020 ## - INTERNATIONAL STANDARD BOOK NUMBER |
| International Standard Book Number |
1-56670-563-0 |
| 040 ## - CATALOGING SOURCE |
| Original cataloging agency |
HDC |
| 100 ## - MAIN ENTRY--PERSONAL NAME |
| Personal name |
Singh, Upendra |
| Relator term |
author |
| 9 (RLIN) |
3145 |
| 245 #0 - TITLE STATEMENT |
| Title |
Agricultural System Models In Field Research And Technology Transfer. Chapter 6 : |
| Remainder of title |
Decision Support Tools for Improved Resource Management and Agricultural Sustainability / by |
| Statement of responsibility, etc. |
Upendra Singh, Paul W. Wilkens, Walter E. Baethgen, and T.S. Bontkes |
| 260 ## - PUBLICATION, DISTRIBUTION, ETC. |
| Place of publication, distribution, etc. |
Boca Raton, Florida: |
| Name of publisher, distributor, etc. |
CRC Press, |
| Date of publication, distribution, etc. |
2016 |
| 300 ## - PHYSICAL DESCRIPTION |
| Extent |
27 pages |
| 336 ## - CONTENT TYPE |
| Content type term |
text |
| Source |
rdacontent |
| 337 ## - MEDIA TYPE |
| Media type term |
computer |
| Source |
rdamedia |
| 338 ## - CARRIER TYPE |
| Carrier type term |
online resource |
| Source |
rdacarrier |
| 500 ## - GENERAL NOTE |
| General note |
Includes bibliographical references |
| 650 ## - SUBJECT ADDED ENTRY--TOPICAL TERM |
| Topical term or geographic name entry element |
Agricultural Sustainability |
| 9 (RLIN) |
3147 |
| 650 ## - SUBJECT ADDED ENTRY--TOPICAL TERM |
| Topical term or geographic name entry element |
Agricultural System |
| 9 (RLIN) |
3107 |
| 650 ## - SUBJECT ADDED ENTRY--TOPICAL TERM |
| Topical term or geographic name entry element |
Improved Resource Management |
| 9 (RLIN) |
3146 |
| 700 ## - ADDED ENTRY--PERSONAL NAME |
| Personal name |
Baethgen, Walter E |
| Relator term |
author |
| 9 (RLIN) |
3149 |
| 700 ## - ADDED ENTRY--PERSONAL NAME |
| Personal name |
Bontkes, T.S. |
| Relator term |
author |
| 9 (RLIN) |
3150 |
| 700 ## - ADDED ENTRY--PERSONAL NAME |
| Personal name |
Wilkens, Paul W. |
| Relator term |
author |
| 9 (RLIN) |
3148 |
| 856 ## - ELECTRONIC LOCATION AND ACCESS |
| Public note |
Request full-text at [email protected] |
| 942 ## - ADDED ENTRY ELEMENTS (KOHA) |
| Source of classification or shelving scheme |
Library of Congress Classification |
| 942 ## - ADDED ENTRY ELEMENTS (KOHA) |
| Koha item type |
Chapter in Books |
| 942 ## - ADDED ENTRY ELEMENTS (KOHA) |
| Call number prefix |
EBCH 001625 |